Encyclopedia of knowledge

Bibliographic Details
Format: Book
Published: London : Grayton Books , 1989
Subjects:

MARC

LEADER 00000cam a2200000 7i4500
001 0000004285
002 000004606
005 20000330.0
020 |a 0001851357 
090 0 0 |a 030   |b ENC 
245 0 0 |a Encyclopedia of knowledge   |c Michael Dempsey et.al 
260 |a London :   |b Grayton Books ,   |c 1989 
300 |a 192p. :   |b illust. ;   |c 29cm. 
650 0 0 |a Curiosities and wonders 
999 |a 030257   |b BUKU   |c PINJAMAN   |e PERPUSTAKAAN KOMUNITI PETALING JAYA